| 000 | 00977nam a2200325Ia 4500 | ||
|---|---|---|---|
| 001 | Para_10516 | ||
| 003 | CHAP | ||
| 008 | 220125s2011 xx 000 0 und d | ||
| 010 | _a204411 | ||
| 020 | _a978 - 0 - 89054 - 354 - 2 | ||
| 040 | _cCHAP | ||
| 082 | _aPA 581.47 M33 2011 | ||
| 100 |
_aMadden, Laurence V. _969581 |
||
| 245 |
_aThe study of plant disease epidemics / _c Laurence V. Madden, Gareth Hughes, Frank Van de Bosch |
||
| 250 | _a3 | ||
| 260 |
_aEstados Unidos de América : _b APS |
||
| 300 | _axiv, 421p. | ||
| 500 | _aIncluye referencias bibliográficas e índice | ||
| 650 | _aEpidemiología | ||
| 650 |
_aPatología Vegetal _9144627 |
||
| 700 |
_aI.Hughes, Gareth, Coaut. _9170316 |
||
| 700 |
_aII.Van den Bosch, Frank, Coaut. _9170317 |
||
| 901 | _aPA 581.47 M33 2011 | ||
| 902 | _aM | ||
| 905 | _a5232202011 xxuan 8000000300eng06 | ||
| 910 | _a2011 | ||
| 942 | _cPARA | ||
| 942 |
_cPARA _d1 |
||
| 999 |
_c204411 _d204411 |
||